1267 1054 1695 1099 1946 1011 1217 1489 1658 1537 1726 1949 1263 1611 1100 1729 1714 1838 1476 1119 1707 1053 1465 1819 1189 1024 1560 1137 1471 1517 1867 1941 1029 1989 1715 1927 1239 1345 1522 1827 1521 1626 1823 1904 1512 1867 1666 1960 1584 1200 1056 1721 1106 2000 1230 1339 1677 1832 1729 1794 1156 1621 1467 1517 1528 1350 1844 1880 1136 1578 1707 1117 1882 1883 1685 1853 1337 1664 1053 1856 1899 1165 1276 1692 1926 1780 1186 1015 1846 1679 1575 1372 1005 1717 1216 1641 1778 1857 1853 BCNSPRNW ULIB Ver.6.0+V

เปลี่ยนเป็นภาษาไทย

Change to English
 แสดงรายละเอียดบรรณานุกรม
  กลับหน้าหลัก

Brief Record : Get Marc (ISO 2709) : E-mail record : QR code < ปิดหน้าต่าง
LEADER : 00000nam 2200000uu 4500
001    13399108357
003     ULIB
008    110214s2545||||th 000 0 tha d
020    9746131737(ล.2)
060  4 WY154^bส719อ ล.2 2545
110 1  มหาวิทยาลัยสุโขทัยธรรมาธิราช^bสาขาวิชาวิทยาศาสตร์สุขภาพ
245 00 เอกสารการสอนชุดวิชา กรณีเลือกสรรการพยาบาลฉุกเฉินและวิกฤต หน่วยที่9-15=^bSelected case study on emergency and critical nursing/^cพรจันทร์ สุวรรณชาตและคณะ
246 31  Selected case study on emergency and critical nursing
250    พิมพ์ครั้งที่ 15
260    นนทบุรี:^bศูนย์หนังสือมหาวิทยาลัยสุโขทัยธรรมาธิราช,^c2545
300    588 หน้า
650  7 การพยาบาลฉุกเฉิน
650  7 ปฐมพยาบาล
700 0  พาณี สีตกะลิน,^eบรรณาธิการ
710 2  มหาวิทยาลัยสุโขทัยธรรมาธิราช^bสาขาวิชาวิทยาศาสตร์สุขภาพ
945    ^p0^l0^i018562
945    ^p0^l0^i018561
995    ทศพร
999 ^a ใช้งานได้ทุกระบบ
รายการนี้ยังไม่มีแท็ก
คุณยังไม่ได้ล็อกอิน คุณสามารถมีกิจกรรมร่วมกับเว็บไซต์ได้ แต่ต้องล็อกอินก่อน ::
  ล็อกอิน

รายการสื่อสารสนเทศ

ลำดับที่ ประเภท เลขเรียก/บาร์โค้ด สถานที่ สถานะ
- ไม่พบข้อมูล -

รายการใกล้เคียง
    หัวเรื่อง [การพยาบาลฉุกเฉิน]
    หัวเรื่อง [ปฐมพยาบาล]

BibComment


ยังไม่เคยถูกคอมเมนท์

คอมเมนท์ทรัพยากรรายการนี้
  คอมเมนท์: เอกสารการสอนชุดวิ..


 Copyright 2026. Bcnsprnw @Library